| 000 | 00654nam a22001817a 4500 | ||
|---|---|---|---|
| 003 | UA-OsUOA | ||
| 001 | 16165 | ||
| 007 | ta | ||
| 008 | 20031222b un ||||| |||| 00| 0 ukr d | ||
| 100 | _aФранко Т. | ||
| 942 | _cSA | ||
| 040 |
_aUA-OsUOA _cUA-OsUOA _dUA-OsUOA |
||
| 245 | _aСоціальні служби затребувані на селі: [Про роботу сіл. центрів соц. служб для молоді у Радивилів. р-ні] | ||
| 300 | _aС.4 | ||
| 955 | _a0 | ||
| 773 | 0 |
_w0 _tПрапор перемоги _dРадивилів _d2003 _g№96/ 28 листоп./ |
|
| 650 | 7 |
_aКраєзнавча робота _2UDC |
|
| 999 |
_c302330 _d302330 |
||